The Fourth Edition New Headway Elementary Student's Book (Record no. 25511)

000 -LEADER
fixed length control field 00341nam a22001217a 4500
040 ## - CATALOGING SOURCE
Transcribing agency RUA
082 ## - DEWEY DECIMAL CLASSIFICATION NUMBER
Classification number OXF LIZ 2009 C160 Or.
100 ## - MAIN ENTRY--AUTHOR NAME
Personal name LIZ AND JOHN SOARS,
245 ## - TITLE STATEMENT
Title The Fourth Edition New Headway Elementary Student's Book
260 ## - PUBLICATION, DISTRIBUTION, ETC. (IMPRINT)
Place of publication PHNOM PENH
Name of publisher RUA
Year of publication 2009
300 ## - PHYSICAL DESCRIPTION
Number of Pages 159p.
Other physical details ill.
Dimensions 29cm.
942 ## - ADDED ENTRY ELEMENTS (KOHA)
Koha item type សៀវភៅគោល
952 ## - LOCATION AND ITEM INFORMATION (KOHA)
Withdrawn status [LOCAL, KOHA] 0
952 ## - LOCATION AND ITEM INFORMATION (KOHA)
Withdrawn status [LOCAL, KOHA] 0
Holdings
Permanent Location Date acquired Koha item type Lost status Shelving location Barcode Current Location Full call number
Library Block C2026-02-20សៀវភៅភាសាអង់គ្លេស C160C034457Library Block COXF LIZ 2009 C160 Or.
Library Block C2026-02-20សៀវភៅភាសាអង់គ្លេស C160C034323Library Block COXF LIZ 2009 C160 Or.
មជ្ឈមណ្ឌលឯការនៃសាកលវិទ្យាល័យភូមិន្ទកសិកម្មចំការដូង

Powered by Koha